000 00618nam a2200241Ia 4500
003 OSt
005 20221007073449.0
006 a|||||r|||| 00| 0
007 ta
008 221006b |||||||| |||| 00| 0 eng d
024 _a4,684
037 _cTextual
040 _aFLL
_cFLL
_beng
041 _2eng
_aeng
082 _aZ2,805, M0
100 _aKelkar R.V.
245 0 _aCriminal procedure
260 _aLucknow
_bEastern Book Company India
_c1980
300 _a369p
_ccm.
650 _aCode of civil procedure
942 _hZ2,805, M0
_cTEXL
_2CC
999 _c1148825
_d1148825